000 01073nam a2200325 i 4500
005 20220316235225.0
008 121119s2002 ck a gr 000 j spa d
020 _a9582400099
040 _aCO-BoRNBP
_bspa
_cCO-BoRNBP
_erda
041 0 _aspa
100 1 _aJanosch,
_d1931-
_eautor
245 1 0 _aVamos a buscar un tesoro
_cJanosch
250 _aPrimera edición
264 1 _aBogotá
_bEdiciones Alfaguara
_c2002
300 _a45 páginas
_bilustraciones a color
_c19 cm.
336 _atexto
_btxt
_2rdacontent
337 _asin mediación
_bn
_2rdamedia
338 _avolumen
_bnc
_2rdacarrier
500 _aJanosch es el seudónimo de Horst Eckert (1931- )
521 _aRecomendado apartir de 6 años
534 _tKomm, wir finden einen schatz
650 1 4 _2LEMB
_aCuentos infantiles alemanes
_ySiglo XX
650 1 4 _2LEMB
_aLiteratura infantil alemana
_ySiglo XX
650 1 4 _2LEMB
_aAmistad
_vCuentos
650 1 4 _2LEMB
_aAnimales
_vCuentos
650 1 4 _2LEMB
_aTesoros
_vCuentos
650 1 4 _2LEMB
_aFelicidad
_vCuentos
942 _2loc
_cBKLIT
084 _aC JAN1
999 _c279
_d279